[Event "SRB-chT2 West"]
[Site "Kragujevac"]
[Date "2015.09.06"]
[Round "4.1"]
[White "Radosavljevic, Slobodan S"]
[Black "Jakovljevic, Marko"]
[Result "1-0"]
[WhiteElo "2162"]
[BlackElo "1991"]
[PlyCount "67"]
[EventDate "2015.09.04"]
[EventType "team-tourn"]
[EventRounds "11"]
[EventCountry "SRB"]
[SourceTitle "EXT 2022"]
[Source "ChessBase"]
[SourceDate "2021.10.06"]
[SourceVersion "1"]
[SourceVersionDate "2021.10.06"]
[SourceQuality "1"]

1. d4 d5 2. g3 Nf6 3. Bg2 g6 4. Nf3 Bg7 5. 0-0 0-0 6. Nbd2 Nbd7 7. Re1 c5 8. c3 cxd4 9. Nxd4 e5 10. N4b3 Qb6 11. e4 a5 12. exd5 a4 13. Nc4 Qc7 14. Nbd2 e4 15. Ne3 Nc5 16. Qc2 Nd3 17. Rf1 Nxc1 18. Raxc1 a3 19. b3 Bh6 20. Nxe4 Nxe4 21. Bxe4 f5 22. Bf3 f4 23. Ng4 Bxg4 24. Bxg4 fxg3 25. Be6+ Kg7 26. hxg3 Bxc1 27. Rxc1 Rf3 28. Qe4 Raf8 29. Qd4+ R8f6 30. Rc2 Kf8 31. d6 Qd8 32. Bg4 Rxg3+ 33. fxg3 Qxd6 34. Qxf6+ 1-0

[Event "SRB-chT Cup"]
[Site "Kragujevac"]
[Date "2010.05.19"]
[Round "2"]
[White "Jakovljevic, Marko"]
[Black "Dobrijevic, Milan"]
[Result "0-1"]
[WhiteElo "1997"]
[BlackElo "2179"]
[PlyCount "66"]
[EventDate "2010.05.18"]
[EventType "team-tourn"]
[EventRounds "7"]
[EventCountry "YUG"]
[SourceTitle "CBM 136 Extra"]
[Source "ChessBase"]
[SourceDate "2010.07.02"]
[SourceVersion "2"]
[SourceVersionDate "2010.07.15"]
[SourceQuality "1"]

1. e4 c5 2. Nf3 d6 3. d4 cxd4 4. Nxd4 Nf6 5. Nc3 g6 6. Be3 Bg7 7. f3 Nc6 8. Qd2 0-0 9. Bc4 Bd7 10. 0-0-0 Rc8 11. Bb3 Ne5 12. h4 h5 13. Bg5 b5 14. Kb1 Nc4 15. Qe2 Qb6 16. Qd3 a5 17. a4 Nxb2 18. Kxb2 bxa4 19. Nxa4 Bxa4 20. Be3 Bxb3 21. Qxb3 Qa6 22. Kc1 Rb8 23. Qd3 Qb7 24. Kd2 Nd7 25. Rb1 Qa8 26. Rxb8 Rxb8 27. Ra1 Ne5 28. Qf1 d5 29. exd5 Qxd5 30. Ra4 Qd7 31. Rxa5 Nc6 32. Rb5 Rxb5 33. Qxb5 Bxd4 0-1

[Event "SRB-chT Cup"]
[Site "Kragujevac"]
[Date "2010.05.18"]
[Round "1"]
[White "Dedijer, Zarko"]
[Black "Jakovljevic, Marko"]
[Result "1-0"]
[WhiteElo "1999"]
[BlackElo "1997"]
[PlyCount "69"]
[EventDate "2010.05.18"]
[EventType "team-tourn"]
[EventRounds "7"]
[EventCountry "YUG"]
[SourceTitle "CBM 136 Extra"]
[Source "ChessBase"]
[SourceDate "2010.07.02"]
[SourceVersion "2"]
[SourceVersionDate "2010.07.15"]
[SourceQuality "1"]

1. d4 d5 2. Nf3 Nf6 3. Bf4 Bf5 4. e3 e6 5. Nbd2 Bd6 6. Bg3 0-0 7. Nh4 Bg4 8. f3 Bh5 9. Bxd6 cxd6 10. Be2 g5 11. g4 Bxg4 12. fxg4 gxh4 13. 0-0 Ne4 14. Nxe4 dxe4 15. Kh1 Qg5 16. Qd2 Kh8 17. Rf4 f5 18. Rg1 Qe7 19. Qe1 Rg8 20. gxf5 Rxg1+ 21. Qxg1 exf5 22. Rxf5 Nc6 23. Bc4 Qg7 24. Rg5 Qf8 25. Rg8+ Qxg8 26. Bxg8 Rxg8 27. Qf2 h3 28. Qf5 Rg2 29. Qf8+ Rg8 30. Qxd6 Rg2 31. Qf8+ Rg8 32. Qf6+ Rg7 33. d5 Ne7 34. d6 Nd5 35. Qxg7+ 1-0

[Event "SRB-ch U18"]
[Site "Sokobanja"]
[Date "2010.04.08"]
[Round "5"]
[White "Jakovljevic, Marko"]
[Black "Todorovic, Kosta"]
[Result "1/2-1/2"]
[WhiteElo "2021"]
[BlackElo "1897"]
[PlyCount "26"]
[EventDate "2010.04.05"]
[EventType "swiss"]
[EventRounds "9"]
[EventCountry "YUG"]
[SourceTitle "CBM 135 Extra"]
[Source "ChessBase"]
[SourceDate "2010.05.04"]
[SourceVersion "1"]
[SourceVersionDate "2010.05.04"]
[SourceQuality "1"]

1. e4 c5 2. Nf3 d6 3. d4 cxd4 4. Nxd4 Nf6 5. Nc3 a6 6. Be3 Ng4 7. Bg5 h6 8. Bh4 g5 9. Bg3 Bg7 10. Be2 Ne5 11. 0-0 Nbc6 12. Nxc6 bxc6 13. Qd2 Be6 1/2-1/2

[Event "SRB-ch U18"]
[Site "Sokobanja"]
[Date "2010.04.08"]
[Round "6"]
[White "Molnar, Gabor Roland"]
[Black "Jakovljevic, Marko"]
[Result "1-0"]
[WhiteElo "1956"]
[BlackElo "2021"]
[PlyCount "103"]
[EventDate "2010.04.05"]
[EventType "swiss"]
[EventRounds "9"]
[EventCountry "YUG"]
[SourceTitle "CBM 135 Extra"]
[Source "ChessBase"]
[SourceDate "2010.05.04"]
[SourceVersion "1"]
[SourceVersionDate "2010.05.04"]
[SourceQuality "1"]

1. e4 e5 2. d4 exd4 3. Nf3 Nc6 4. Bc4 Be7 5. Nxd4 d6 6. 0-0 Nf6 7. Nc3 0-0 8. Be3 Ne5 9. Be2 c5 10. Nb3 a6 11. a4 Be6 12. f4 Neg4 13. Bd2 Qb6 14. a5 Qa7 15. Bc1 Bxb3 16. cxb3 c4+ 17. Kh1 Nf2+ 18. Rxf2 Qxf2 19. bxc4 Rfe8 20. Bd2 Qd4 21. Qc2 Bf8 22. Bd3 Ng4 23. Be1 f5 24. Qe2 Qe3 25. Qxe3 Nxe3 26. exf5 Rac8 27. b3 Be7 28. Ne2 Rf8 29. Ng3 Bh4 30. Bd2 Rce8 31. Re1 Bxg3 32. hxg3 Ng4 33. Be2 Nf2+ 34. Kh2 Rxf5 35. Bf3 Rxe1 36. Bxe1 Kf8 37. Bxf2 Rxa5 38. Bxb7 Ke7 39. b4 Ra4 40. b5 a5 41. Bd5 Kd8 42. b6 Kc8 43. b7+ Kb8 44. Bd4 g6 45. Bf6 Rb4 46. Bc3 Ra4 47. c5 Ra3 48. Bf6 Rd3 49. Bf3 d5 50. c6 Ka7 51. Be5 Rb3 52. Bxd5 1-0

[Event "SRB-ch U18"]
[Site "Sokobanja"]
[Date "2010.04.07"]
[Round "4"]
[White "Jenic, Aleksandar"]
[Black "Jakovljevic, Marko"]
[Result "0-1"]
[WhiteElo "1879"]
[BlackElo "2021"]
[PlyCount "88"]
[EventDate "2010.04.05"]
[EventType "swiss"]
[EventRounds "9"]
[EventCountry "YUG"]
[SourceTitle "CBM 135 Extra"]
[Source "ChessBase"]
[SourceDate "2010.05.04"]
[SourceVersion "1"]
[SourceVersionDate "2010.05.04"]
[SourceQuality "1"]

1. d4 g6 2. c4 Bg7 3. Nc3 Nf6 4. e4 d6 5. f3 0-0 6. Be3 c6 7. Bd3 a6 8. a4 Nbd7 9. Nge2 e5 10. Qd2 exd4 11. Nxd4 Ne5 12. 0-0 c5 13. Nde2 Qa5 14. Bf4 Be6 15. b3 Nh5 16. Bxe5 Bxe5 17. Rac1 Qb4 18. Qc2 Nf4 19. Nxf4 Bxf4 20. Rcd1 Be3+ 21. Kh1 Bd4 22. Nd5 Qa5 23. f4 Bxd5 24. exd5 Rae8 25. f5 Kg7 26. Qd2 Qxd2 27. Rxd2 Re3 28. Bc2 gxf5 29. h3 f4 30. Rd3 Rfe8 31. Rdd1 Rc3 32. Rd2 Rce3 33. Rdd1 Be5 34. Rde1 h5 35. Rxe3 fxe3 36. Re1 Bg3 37. Re2 h4 38. Bd3 Bf2 39. Bc2 Kf6 40. Bd3 Ke5 41. Bc2 Kd4 42. Bf5 Kc3 43. Bc2 Rb8 44. Kh2 b5 0-1

[Event "SRB-ch U18"]
[Site "Sokobanja"]
[Date "2010.04.05"]
[Round "1"]
[White "Jakovljevic, Marko"]
[Black "Grujic, Milos"]
[Result "0-1"]
[WhiteElo "2021"]
[BlackElo "1699"]
[PlyCount "50"]
[EventDate "2010.04.05"]
[EventType "swiss"]
[EventRounds "9"]
[EventCountry "YUG"]
[SourceTitle "CBM 135 Extra"]
[Source "ChessBase"]
[SourceDate "2010.05.04"]
[SourceVersion "1"]
[SourceVersionDate "2010.05.04"]
[SourceQuality "1"]

1. e4 e5 2. Nf3 Nc6 3. Bb5 Bc5 4. 0-0 a6 5. Bxc6 bxc6 6. Nxe5 Nf6 7. d4 Bb6 8. Bg5 h6 9. Bh4 0-0 10. Nc4 g5 11. e5 gxh4 12. exf6 Qxf6 13. c3 d5 14. Ne5 h3 15. Re1 c5 16. Re3 hxg2 17. Rf3 Qe6 18. Rg3+ Kh7 19. Na3 cxd4 20. cxd4 Rg8 21. Re3 f5 22. Rc1 Qf6 23. Rc6 Qh4 24. Nc2 Bb7 25. Qd3 Qxh2+ 0-1

[Event "SRB-chT 1st League"]
[Site "Vrnjacka Banja"]
[Date "2009.09.24"]
[Round "8"]
[White "Lazic, Zeljko"]
[Black "Jakovljevic, Marko"]
[Result "0-1"]
[WhiteElo "2181"]
[BlackElo "2002"]
[PlyCount "86"]
[EventDate "2009.09.19"]
[EventType "team-swiss"]
[EventRounds "11"]
[EventCountry "YUG"]
[SourceTitle "CBM 132 Extra"]
[Source "ChessBase"]
[SourceDate "2009.11.03"]
[SourceVersion "1"]
[SourceVersionDate "2009.11.03"]
[SourceQuality "1"]

1. e4 e5 2. Nf3 Nc6 3. Bc4 Nf6 4. d3 h6 5. c3 d6 6. Nbd2 g6 7. 0-0 Bg7 8. Re1 0-0 9. Bb3 Kh7 10. Nf1 Na5 11. Bc2 c5 12. Qe2 Nh5 13. h3 Nc6 14. Be3 b5 15. Rad1 Qa5 16. a3 b4 17. axb4 cxb4 18. Ra1 Qc7 19. d4 bxc3 20. bxc3 a5 21. Bd3 Bd7 22. Bc4 a4 23. Bd5 Nf6 24. Qc4 Rfc8 25. dxe5 Nxd5 26. exd6 Nxe3 27. Nxe3 Qxd6 28. Rad1 Qe6 29. Qd3 Be8 30. Nd4 Nxd4 31. cxd4 Qb3 32. Qe2 a3 33. Rb1 Qa4 34. Nd5 a2 35. Rb4 Qc2 36. Qxc2 Rxc2 37. Ra1 Ra4 38. e5 Rxb4 39. Nxb4 Rc4 40. Nd5 Rxd4 41. Nc7 Bc6 42. e6 fxe6 43. Nxe6 Rd2 0-1

[Event "SRB-chT 1st League"]
[Site "Vrnjacka Banja"]
[Date "2009.09.21"]
[Round "4"]
[White "Jovanovic, Zoran B"]
[Black "Jakovljevic, Marko"]
[Result "1-0"]
[WhiteElo "2095"]
[BlackElo "2002"]
[PlyCount "62"]
[EventDate "2009.09.19"]
[EventType "team-swiss"]
[EventRounds "11"]
[EventCountry "YUG"]
[SourceTitle "CBM 132 Extra"]
[Source "ChessBase"]
[SourceDate "2009.11.03"]
[SourceVersion "1"]
[SourceVersionDate "2009.11.03"]
[SourceQuality "1"]

1. c4 Nf6 2. g3 e6 3. Bg2 d5 4. Nf3 b6 5. 0-0 Bb7 6. d4 Be7 7. cxd5 exd5 8. Nc3 0-0 9. Ne5 Nbd7 10. Qa4 Nxe5 11. dxe5 Ne8 12. Nxd5 Bxd5 13. Rd1 c6 14. e4 Nc7 15. exd5 cxd5 16. Be3 Re8 17. Qb3 Bc5 18. Bxc5 bxc5 19. Bxd5 Nxd5 20. Rxd5 Qb6 21. Qc3 Rac8 22. b3 Qe6 23. Rad1 g6 24. Rxc5 Rxc5 25. Qxc5 Qxe5 26. Qxa7 Qe2 27. Qd7 Re7 28. Qd3 Qe6 29. Qd5 Qb6 30. Qd8+ Qxd8 31. Rxd8+ Kg7 1-0